|
|
|
|
| LEADER |
01480nam a2200421Ia 4500 |
| 001 |
1486 |
| 003 |
BD-DhAAL |
| 005 |
20150910102357.0 |
| 008 |
150910s2004 maua b 001 0 eng d |
| 020 |
|
|
|a 0205156215
|
| 020 |
|
|
|a 0205376223
|
| 035 |
|
|
|a 5706527
|
| 040 |
|
|
|a EYM
|c EYM
|d GSU
|d OCLCQ
|d BAKER
|d BD-DhAAL
|
| 043 |
|
|
|a n-us---
|
| 050 |
|
4 |
|a HM51
|b .E336 2004
|
| 082 |
|
4 |
|a 301
|
| 100 |
1 |
|
|a Eitzen, D. Stanley.
|9 14542
|
| 245 |
1 |
0 |
|a In conflict and order :
|b understanding society /
|c D. Stanley Eitzen, Maxine Baca Zinn.
|
| 246 |
3 |
0 |
|a Understanding society
|
| 250 |
|
|
|a 7th ed.
|
| 260 |
|
|
|a Boston :
|b Pearson,
|b Allyn and Bacon,
|c c1995.
|
| 300 |
|
|
|a xxii, 586 p. :
|b ill. ;
|c 23 cm.
|
| 504 |
|
|
|a Includes bibliographical references (p. 551-570) and indexes.
|
| 541 |
|
|
|e 1486
|
| 648 |
|
7 |
|a Since 1980
|2 fast
|9 14543
|
| 650 |
|
0 |
|a Sociology.
|9 14544
|
| 650 |
|
0 |
|a Social structure.
|9 2122
|
| 650 |
|
0 |
|a Social psychology.
|9 14545
|
| 650 |
|
7 |
|a Social history
|2 fast
|9 14546
|
| 650 |
|
7 |
|a Social psychology
|2 fast
|9 14545
|
| 650 |
|
7 |
|a Social structure
|2 fast
|9 2122
|
| 650 |
|
7 |
|a Sociology
|2 fast
|9 14544
|
| 651 |
|
0 |
|a United States
|x Social conditions
|y 1980-
|9 8020
|
| 651 |
|
7 |
|a United States
|2 fast
|9 14547
|
| 700 |
1 |
|
|a Zinn, Maxine Baca,
|d 1942-
|9 4655
|
| 942 |
|
|
|2 ddc
|c BK
|
| 999 |
|
|
|c 35494
|d 35494
|
| 952 |
|
|
|0 0
|1 0
|2 ddc
|4 0
|6 301_000000000000000_EIT
|7 0
|9 55824
|a SCL
|b SCL
|c GEN
|d 2015-09-10
|e Gift: The Asia Foundation
|l 0
|o 301 EIT
|p 3020001486
|r 2015-09-10
|t 1
|w 2015-09-10
|y BK
|